Central Library OPAC University of Rajshahi

Participatory perspective plan for Bangladesh, 1995-2010 / (Record no. 72843)

MARC details
000 -LEADER
fixed length control field 00934nam a2200265 a 4500
001 - CONTROL NUMBER
control field 72843
003 - CONTROL NUMBER IDENTIFIER
rucl marc code BD-RjUL
005 - DATE AND TIME OF LATEST TRANSACTION
control field 20211209082321.0
008 - FIXED-LENGTH DATA ELEMENTS--GENERAL INFORMATION
fixed length control field 170524s1995 bg a b f000 0 eng d
020 ## - INTERNATIONAL STANDARD BOOK NUMBER
International Standard Book Number 9845620000
035 ## - SYSTEM CONTROL NUMBER
System control number (BD-RjUL)73061
040 ## - CATALOGING SOURCE
Original cataloging agency BD-RjUL
Language of cataloging eng
Transcribing agency BD-RjUL
Modifying agency BD-RjUL
041 ## - LANGUAGE CODE
Language code of text/sound track or separate title eng
082 ## - DEWEY DECIMAL CLASSIFICATION NUMBER
Edition number 23
Classification number 338.95492
Author mark and year PLP 1995
110 1# - MAIN ENTRY--CORPORATE NAME
Corporate name or jurisdiction name as entry element Bangladesh.
Subordinate unit Planning commission
9 (RLIN) 215454
245 10 - TITLE STATEMENT
Title Participatory perspective plan for Bangladesh, 1995-2010 /
Remainder of title Planning Commission, Bangladesh
260 ## - PUBLICATION, DISTRIBUTION, ETC. (IMPRINT)
Place of publication, distribution, etc. Dhaka :
Name of publisher, distributor, etc. Planning Commission, Ministry of Planning, Govt. of the People's Republic of Bangladesh,
Date of publication, distribution, etc. c1995.
300 ## - PHYSICAL DESCRIPTION
Pagination Various pagings :
Illustrations ill. ;
Size 28 cm.
500 ## - GENERAL NOTE
General note "July 1995"
504 ## - BIBLIOGRAPHY, ETC. NOTE
Bibliography, etc Includes bibliographical references.
650 #0 - SUBJECT ADDED ENTRY--TOPICAL TERM
Topical term or geographic name as entry element Central planning
Geographic subdivision Bangladesh.
9 (RLIN) 215451
651 #0 - SUBJECT ADDED ENTRY--GEOGRAPHIC NAME
Geographic name Bangladesh
General subdivision Economic policy.
9 (RLIN) 215452
700 ## - ADDED ENTRY--PERSONAL NAME
Personal name Khan, Abdul Moyeen
942 ## - ADDED ENTRY ELEMENTS (KOHA)
Source of classification or shelving scheme Dewey Decimal Classification
Koha item type Books
Holdings
Lost status Source of classification or shelving scheme Damaged status Not for loan Collection code Permanent Location Current Location Shelving location Date acquired Source of acquisition Cost, normal purchase price Total Checkouts Full call number Date last seen Copy number Koha item type
  Dewey Decimal Classification   Not For Loan Non-fiction Central Library, University of Rajshahi Central Library, University of Rajshahi Reading Room 24/10/1996 Book syntex, Dhaka 800.00   338.95492 PLP 1995 24/05/2017 C-1 Books